000
00195nam a2200085 4500
001
1233700
005
20250925114230.0
245
_a
ÇİZGİ BİLİM MARIE CURIE
_c
GÖKÇE AKGÜL
260
_b
TÜBİTAK
999
_c
1233700
_d
1233700